A course in business statistics /

This book is about: What is statistics; Describing sets of data; Probability and discrete probability distributions; ...

में बचाया:
ग्रंथसूची विवरण
मुख्य लेखक: Mendenhall, William.
अन्य लेखक: Beaver, Robert J., Beaver, Barbara M.
स्वरूप: पुस्तक
भाषा:English
प्रकाशित: Belmont, CA : Duxbury Press, 1996.
संस्करण:4th ed.
विषय:
टैग : टैग जोड़ें
कोई टैग नहीं, इस रिकॉर्ड को टैग करने वाले पहले व्यक्ति बनें!
Thư viện lưu trữ: Mạng thư viện Đại học Đà Nẵng
LEADER 01067cam a2200361 i 4500
001 000049334
003 9078
005 20051111143151.0
008 010324b1996 vm 000 eng
020 |a 0534265081 
040 |a IRC  |c IRC  |d IRC 
041 0 |a eng 
082 1 4 |a 519.5  |b ME-W 
100 1 |a Mendenhall, William. 
245 0 2 |a A course in business statistics /  |c William Mendenhall, Robert J. Beaver, Barbara M. Beaver. 
250 |a 4th ed. 
260 |a Belmont, CA :  |b Duxbury Press,  |c 1996. 
300 |a 837 p. :  |b ill. ;  |c 23cm. 
520 3 |a This book is about: What is statistics; Describing sets of data; Probability and discrete probability distributions; ... 
630 0 4 |a Commercial statistics. 
650 0 4 |a Commercial statistics. 
700 1 |a Beaver, Robert J. 
700 1 |a Beaver, Barbara M. 
OWN |a DUT 
999 |a From the UDN01 
TYP |a Monograph 
TYP |a Printed language 
980 |a Mạng thư viện Đại học Đà Nẵng